| 000 | 00547nam a22001577a 4500 | ||
|---|---|---|---|
| 082 | _aPhD-ESE-13 | ||
| 100 |
_aZaman, Neelam (326335) _9132262 |
||
| 245 | _aHeterostructure ZIF Derived Nanoporous Carbon and Metal Oxide Based Electrode Material for High Performance Direct Methanol Fuel Cell / | ||
| 264 |
_aIslamabad : _bUSPCAS-E, _cJune, 2025. |
||
| 300 |
_axxiv, 294 p. _e+CD |
||
| 520 | _aPhD-ESE-13 | ||
| 650 |
_aPhD ESE Thesis _9116794 |
||
| 650 |
_aPhD Thesis _919283 |
||
| 700 |
_aSupervisor: Dr. Naseem Iqbal _9116819 |
||
| 942 |
_2ddc _cTHE |
||
| 999 |
_c615506 _d615506 |
||